000 01310nam a2200361 a 4500
001 1418643
003 OSt
005 20260429150209.0
008 831103s1982 gw a b 000 0 eng
010 _a 83223344
020 _a9781855147126
_cDM39.00
035 _a1418643
040 _aDLC
_cFoundation University
041 0 _aeng
_ager
050 0 0 _aN 7573.3
_bM66 2019
100 1 _aSherman, Cindy.
_915726
245 1 0 _aCindy Sherman.
260 _aMunich :
_bSchirmer/Mosel,
_cc2019
264 _42019
300 _a175 p. :
_bchiefly ill. (some col.) ;
_c27 cm.
_3books
_fbooks
336 _atext
_btxt
_2rdacontent
_3books
337 _aunmediated
_bn
_2rdamedia
_3books
338 _avolume
_bnc
_2rdacarrier
_3books
500 _aEnglish and German.
500 _a"Publication accompanies an exhibition of Cindy Sherman's work organized by the Stedelijk Museum in Amsterdam, December 1982"--T.p. verso.
504 _aBibliography: p. 175.
600 1 0 _aSherman, Cindy.
_915726
650 0 _aPhotography, Artistic.
_97479
710 1 _aAmsterdam (Netherlands).
_bStedelijk Museum.
_915727
906 _a7
_bcbc
_corignew
_d3
_encip
_f19
_gy-gencatlg
942 _2lcc
_cBK
_hN 7573.3
_i.2019 M66
_k(DAFA-FA)
999 _c5822
_d5822